[Event "Padova op-A 18th"]
[Site "Padova"]
[Date "2015.12.19"]
[Round "8.26"]
[White "Bergamasco, Tommaso"]
[Black "Pozzobon, Davide"]
[Result "0-1"]
[WhiteElo "2054"]
[BlackElo "2037"]
[PlyCount "134"]
[EventDate "2015.12.13"]
[EventType "swiss"]
[EventRounds "9"]
[EventCountry "ITA"]
[SourceTitle "EXT 2024"]
[Source "ChessBase"]
[SourceDate "2023.10.10"]
[SourceVersion "1"]
[SourceVersionDate "2023.10.10"]
[SourceQuality "1"]

1. d4 Nf6 2. Bg5 c5 3. Nc3 cxd4 4. Qxd4 Nc6 5. Qh4 b5 6. Bxf6 gxf6 7. Nd5 f5 8. c3 Rb8 9. Nf3 b4 10. cxb4 a5 11. a3 Bg7 12. e3 e6 13. Qxd8+ Kxd8 14. Nc3 axb4 15. axb4 Rxb4 16. 0-0-0 Ke7 17. Ne1 Na5 18. Kc2 d6 19. Nd3 Rb7 20. Nf4 Bd7 21. Ba6 Ra7 22. Bd3 Nc6 23. Ra1 Rb7 24. Rhb1 Rhb8 25. Be2 d5 26. Nd3 d4 27. Na4 Nb4+ 28. Kd1 Nxd3 29. Bxd3 dxe3 30. fxe3 Bxb2 31. Nxb2 Rxb2 32. Ke1 Bc6 33. g3 Be4 34. Bxe4 fxe4 35. Rxb2 Rxb2 36. Ra4 Rxh2 37. Rxe4 h5 38. Kf1 Kf6 39. Ra4 Kg5 40. Ra7 f6 41. Ra4 e5 42. Re4 Rb2 43. Kg1 Rb5 44. Kg2 f5 45. Ra4 Rb2+ 46. Kh3 Rb3 47. Ra8 Rxe3 48. Rg8+ Kh6 49. Kg2 Re2+ 50. Kg1 Re4 51. Kg2 h4 52. gxh4 Rxh4 53. Kf3 Rh3+ 54. Kg2 Re3 55. Kf2 f4 56. Rg1 e4 57. Rg4 Rf3+ 58. Ke2 Kh5 59. Rg8 Ra3 60. Rg7 Ra2+ 61. Ke1 f3 62. Re7 Re2+ 63. Kf1 Kg4 64. Rg7+ Kf4 65. Rf7+ Ke3 66. Re7 Rf2+ 67. Kg1 Rb2 0-1

[Event "Padova op-A 18th"]
[Site "Padova"]
[Date "2015.12.15"]
[Round "4.21"]
[White "Mrdja, Milan"]
[Black "Pozzobon, Davide"]
[Result "1-0"]
[WhiteElo "2365"]
[BlackElo "2037"]
[PlyCount "77"]
[EventDate "2015.12.13"]
[EventType "swiss"]
[EventRounds "9"]
[EventCountry "ITA"]
[SourceTitle "EXT 2024"]
[Source "ChessBase"]
[SourceDate "2023.10.10"]
[SourceVersion "1"]
[SourceVersionDate "2023.10.10"]
[SourceQuality "1"]

1. e4 c5 2. Nf3 d6 3. c3 Nf6 4. Bd3 Nc6 5. 0-0 g6 6. h3 Bg7 7. Bc2 0-0 8. d4 cxd4 9. cxd4 d5 10. e5 Ne8 11. Nc3 Nc7 12. Be3 Bf5 13. Bxf5 gxf5 14. Qd3 Qd7 15. Ne2 f6 16. exf6 Bxf6 17. Rae1 e5 18. dxe5 Nxe5 19. Nxe5 Bxe5 20. Bd4 Rae8 21. Bxe5 Rxe5 22. Nd4 Rfe8 23. Rxe5 Rxe5 24. Rc1 Ne8 25. Nf3 Re7 26. Rd1 Nf6 27. Qd4 Qc6 28. Qf4 Qc2 29. Rc1 Qxb2 30. Rc8+ Kf7 31. Qxf5 Qe2 32. Rc2 Qd1+ 33. Kh2 Qa1 34. Rd2 Kg7 35. Qg5+ Kf7 36. Rd4 Re4 37. Rxd5 Nxd5 38. Qxd5+ Re6 39. Ng5+ 1-0

[Event "Padova op-A 18th"]
[Site "Padova"]
[Date "2015.12.14"]
[Round "2.21"]
[White "Pozzobon, Davide"]
[Black "Pescatore, Lorenzo"]
[Result "1-0"]
[WhiteElo "2037"]
[BlackElo "2243"]
[PlyCount "117"]
[EventDate "2015.12.13"]
[EventType "swiss"]
[EventRounds "9"]
[EventCountry "ITA"]
[SourceTitle "EXT 2024"]
[Source "ChessBase"]
[SourceDate "2023.10.10"]
[SourceVersion "1"]
[SourceVersionDate "2023.10.10"]
[SourceQuality "1"]

1. e4 e5 2. Nf3 Nc6 3. Bb5 a6 4. Ba4 Nf6 5. 0-0 Be7 6. Re1 b5 7. Bb3 d6 8. h3 0-0 9. c3 Na5 10. Bc2 c5 11. d4 Nd7 12. b3 exd4 13. cxd4 Nc6 14. Nc3 Bf6 15. Be3 cxd4 16. Nxd4 Nxd4 17. Bxd4 Bb7 18. Bxf6 Qxf6 19. Ne2 Rac8 20. Rc1 Rc5 21. Bb1 Re8 22. f3 Rxc1 23. Qxc1 Ne5 24. Nf4 Qg5 25. Kh1 Rc8 26. Qe3 h6 27. Nd3 Qxe3 28. Rxe3 Rc3 29. Kg1 Nc6 30. Kf2 Nd4 31. e5 d5 32. Nf4 Rc1 33. Re1 Rc3 34. Rd1 Ne6 35. Nxd5 Bxd5 36. Rxd5 g5 37. Rd6 a5 38. Rd5 Rc1 39. Bf5 Nc5 40. Ke2 b4 41. Kd2 Rc3 42. h4 a4 43. hxg5 hxg5 44. bxa4 Nxa4 45. e6 fxe6 46. Bxe6+ Kg7 47. Rd4 Ra3 48. Rxb4 Nc5 49. Bc4 Kf6 50. Ke2 Ke5 51. Bb3 Ra8 52. Rc4 Re8 53. Kf2 Rc8 54. Kg3 Rc7 55. Kg4 Kf6 56. Rd4 Rc6 57. Rd5 Nxb3 58. axb3 Rb6 59. Rf5+ 1-0

[Event "Mestre Cipressina op-A 4th"]
[Site "Mestre"]
[Date "2015.11.28"]
[Round "2"]
[White "Solomon, Kenny"]
[Black "Pozzobon, Davide"]
[Result "1-0"]
[WhiteElo "2388"]
[BlackElo "2045"]
[PlyCount "45"]
[EventDate "2015.11.27"]
[EventType "swiss"]
[EventRounds "5"]
[EventCountry "ITA"]
[SourceTitle "EXT 2022"]
[Source "ChessBase"]
[SourceDate "2021.10.06"]
[SourceVersion "1"]
[SourceVersionDate "2021.10.06"]
[SourceQuality "1"]

1. d4 Nf6 2. c4 c5 3. d5 e6 4. Nc3 exd5 5. cxd5 d6 6. Nf3 g6 7. Bf4 a6 8. e4 Bg7 9. Qa4+ Bd7 10. Qb3 Qc7 11. e5 Nh5 12. exd6 Qc8 13. Be3 0-0 14. Be2 Re8 15. 0-0 b5 16. a4 b4 17. Nb1 Bf5 18. Nbd2 Qd8 19. Rac1 Qxd6 20. Bxc5 Qd8 21. Rfe1 Nf4 22. Bc4 Nd7 23. Bd6 1-0

[Event "Chioggia op-A 10th"]
[Site "Chioggia"]
[Date "2015.10.10"]
[Round "2"]
[White "Barp, Alberto"]
[Black "Pozzobon, Davide"]
[Result "1-0"]
[WhiteElo "2217"]
[BlackElo "2006"]
[PlyCount "107"]
[EventDate "2015.10.09"]
[EventType "swiss"]
[EventRounds "5"]
[EventCountry "ITA"]
[SourceTitle "EXT 2022"]
[Source "ChessBase"]
[SourceDate "2021.10.06"]
[SourceVersion "1"]
[SourceVersionDate "2021.10.06"]
[SourceQuality "1"]

1. d4 Nf6 2. c4 c5 3. d5 e6 4. Nc3 exd5 5. cxd5 d6 6. e4 g6 7. Nge2 Bg7 8. Ng3 0-0 9. Be2 a6 10. a4 Nbd7 11. 0-0 Qc7 12. Be3 Re8 13. Qd2 h5 14. f3 h4 15. Nh1 Ne5 16. h3 Qa5 17. Bg5 Qb4 18. Rad1 Bd7 19. a5 Nc4 20. Bxc4 Qxc4 21. Bxh4 Bb5 22. Nxb5 Qxb5 23. Nf2 Rac8 24. Qf4 Nh7 25. Ng4 Be5 26. Nxe5 Rxe5 27. Qd2 Ree8 28. Rfe1 Kg7 29. Qc3+ f6 30. Bg3 Rcd8 31. f4 c4 32. Kh1 Qb3 33. Qxb3 cxb3 34. Rd3 f5 35. e5 dxe5 36. Rxe5 Rxe5 37. fxe5 Ng5 38. d6 Ne4 39. Rxb3 Nxg3+ 40. Rxg3 Kf7 41. Rb3 Ke6 42. Rxb7 Kxe5 43. d7 g5 44. b4 g4 45. hxg4 fxg4 46. Kh2 Kf4 47. g3+ Ke5 48. Kg2 Kd5 49. Kf2 Kc6 50. Ra7 Kb5 51. Ke3 Kxb4 52. Kd4 Kxa5 53. Kc5 Rf8 54. Kc6 1-0

[Event "Treviso op-B 34th"]
[Site "Treviso"]
[Date "2010.12.05"]
[Round "4.4"]
[White "Pozzobon, Davide"]
[Black "Tomio, Dante"]
[Result "0-1"]
[WhiteElo "1796"]
[BlackElo "1883"]
[PlyCount "72"]
[EventDate "2010.12.03"]
[EventType "swiss"]
[EventRounds "5"]
[EventCountry "ITA"]
[SourceTitle "EXT 2024"]
[Source "ChessBase"]
[SourceDate "2023.10.10"]
[SourceVersion "1"]
[SourceVersionDate "2023.10.10"]
[SourceQuality "1"]

1. e4 c5 2. Nf3 d6 3. d4 cxd4 4. Nxd4 Nf6 5. Nc3 a6 6. Be3 e6 7. f3 b5 8. Qd2 Nbd7 9. h4 Bb7 10. g4 Ne5 11. g5 Nfd7 12. f4 Ng4 13. Bg2 Nxe3 14. Qxe3 Be7 15. h5 b4 16. Nce2 Nc5 17. Ng3 Qa5 18. Kf2 0-0-0 19. a3 d5 20. c3 bxc3 21. b4 Qa4 22. Qxc3 dxe4 23. Rhd1 e3+ 24. Kg1 Bxg2 25. Kxg2 Rd5 26. Rac1 Rhd8 27. Nge2 e5 28. fxe5 Rxe5 29. Nf3 Rxg5+ 30. Nxg5 Rxd1 31. Qxe3 Rxc1 32. Qxc1 Kb7 33. Nf3 Ne6 34. Qe3 Bf6 35. Qe4+ Qc6 36. Qxh7 Qxf3+ 0-1